| 000 | 00387nam a2200157Ia 4500 | ||
|---|---|---|---|
| 003 | 0STCL | ||
| 008 | 150530s9999 xx 000 0 und d | ||
| 040 |
_aSTCL _cSTCL |
||
| 100 | _aKerr; Dhavan, R.K.; Ed | ||
| 245 | _aAustralia and Indian literature studies in mutual response | ||
| 260 | _c1991 | ||
| 546 | _aEnglish | ||
| 942 |
_2ddc _cBK |
||
| 999 |
_c61741 _d61741 |
||
| 005 | 20220125171156.0 | ||